[Event "Plzen, JF C"]
[Site "?"]
[Date "1998.??.??"]
[Round "2"]
[White "Eretova, J."]
[Black "Voehringer, A."]
[Result "1-0"]
[WhiteElo "2155"]
[BlackElo "2010"]
[PlyCount "37"]
[EventDate "1998.??.??"]
[Source "ChessBase"]
[SourceDate "1996.11.15"]

1. e4 e6 2. d4 d5 3. e5 c5 4. c3 Nc6 5. Nf3 Qb6 6. a3 cxd4 7. cxd4 f6 8. exf6
Nxf6 9. Nc3 Bd6 10. Bd3 Bd7 11. O-O a6 12. Re1 O-O 13. Bc2 Rae8 14. Qd3 h6 15.
Bxh6 gxh6 16. Qg6+ Kh8 17. Qxh6+ Kg8 18. Ng5 Re7 19. Nxd5 1-0

[Event "Plzen, JF C"]
[Site "?"]
[Date "1998.??.??"]
[Round "2"]
[White "Palkova, H."]
[Black "Janke, G."]
[Result "1/2-1/2"]
[WhiteElo "2045"]
[BlackElo "2005"]
[PlyCount "40"]
[EventDate "1998.??.??"]
[Source "ChessBase"]
[SourceDate "1996.11.15"]

1. d4 Nf6 2. c4 e6 3. Nc3 Bb4 4. Bd2 O-O 5. e3 Bxc3 6. Bxc3 b6 7. Nf3 Bb7 8. a3
d5 9. b4 dxc4 10. Bxc4 Nbd7 11. O-O Bd5 12. Bxd5 exd5 13. Rc1 Ne4 14. Qc2 Nd6
15. Bb2 Nc4 16. Nd2 b5 17. Nb3 Qe7 18. Rfe1 Rfe8 19. Nc5 Nxc5 20. dxc5 Qe4
1/2-1/2

[Event "Plzen, JF C"]
[Site "?"]
[Date "1998.??.??"]
[Round "2"]
[White "Gruss, H."]
[Black "Mitzka, F."]
[Result "1-0"]
[WhiteElo "1860"]
[BlackElo "2035"]
[PlyCount "95"]
[EventDate "1998.??.??"]
[Source "ChessBase"]
[SourceDate "1996.11.15"]

1. e4 e5 2. Nf3 Nc6 3. d4 exd4 4. Nxd4 Bc5 5. Nxc6 Qf6 6. Qe2 bxc6 7. Nc3 Ne7
8. Qf3 Qxf3 9. gxf3 O-O 10. Bd3 Re8 11. Na4 Bb6 12. Bd2 a5 13. Nxb6 cxb6 14.
Be3 c5 15. Bb5 Ng6 16. O-O-O Nh4 17. Rd6 Re6 18. Rhd1 Nxf3 19. Rxe6 fxe6 20.
Bxd7 Bxd7 21. Rxd7 Nxh2 22. Rd6 Rb8 23. Rxe6 Nf3 24. Kd1 Kf7 25. Rc6 Rb7 26.
Ke2 Ne5 27. Rd6 Nc4 28. Rc6 Nxb2 29. f4 Nc4 30. Kd3 Nxe3 31. Kxe3 Ke7 32. e5
Kd7 33. Rd6+ Kc7 34. Ke4 Rb8 35. Rd2 Rd8 36. Rh2 Rd7 37. e6 Re7 38. Ke5 b5 39.
f5 c4 40. Rd2 Kc6 41. Rd6+ Kc7 42. Ra6 a4 43. Ra7+ Kd8 44. Ra8+ Kc7 45. f6
gxf6+ 46. Kxf6 Kb7 47. Kxe7 Kxa8 48. Kd8 1-0

[Event "Plzen, JF C"]
[Site "?"]
[Date "1998.??.??"]
[Round "2"]
[White "Tsimafeyevas, S."]
[Black "Smid, J."]
[Result "0-1"]
[WhiteElo "2015"]
[BlackElo "1910"]
[PlyCount "122"]
[EventDate "1998.??.??"]
[Source "ChessBase"]
[SourceDate "1996.11.15"]

1. d4 d5 2. Nf3 Nf6 3. c4 c6 4. Nc3 g6 5. Bg5 Bg7 6. e3 Qa5 7. cxd5 Nxd5 8. Qd2
Bg4 9. Ne5 Bxe5 10. dxe5 Nxc3 11. Qxc3 Qxc3+ 12. bxc3 Nd7 13. f4 Nc5 14. Bh4
Rd8 15. Rc1 Ne4 16. h3 Be6 17. Rc2 h6 18. Be2 g5 19. Bf2 Bf5 20. Rb2 b6 21. c4
Nc5 22. O-O Be4 23. Be1 Rg8 24. g3 Bd3 25. Kg2 Bxe2 26. Rxe2 Rd3 27. Kf3 h5 28.
Rd2 g4+ 29. hxg4 hxg4+ 30. Ke2 Rxd2+ 31. Kxd2 Rh8 32. Ke2 Rh2+ 33. Rf2 Rxf2+
34. Bxf2 Ne4 35. Be1 Kd7 36. f5 f6 37. Kd3 Nc5+ 38. Kc3 fxe5 39. Kc2 Ne4 40.
Kd3 Nc5+ 41. Ke2 e4 42. Bc3 Nd3 43. Kd1 Kd6 44. Bg7 Nf2+ 45. Ke1 Nd3+ 46. Kd2
c5 47. Bf8 Kd7 48. Bh6 Nb4 49. a3 Nc6 50. Bf4 Nd8 51. Kc2 Nf7 52. Kb3 a6 53. a4
Kc6 54. Kc3 Nd6 55. Bxd6 exd6 56. f6 Kd7 57. a5 bxa5 58. Kb3 Ke6 59. f7 Kxf7
60. Ka4 Ke6 61. Kxa5 d5 0-1

[Event "Plzen, JF C"]
[Site "?"]
[Date "1998.??.??"]
[Round "2"]
[White "Marik, P."]
[Black "Jenc, M."]
[Result "1-0"]
[WhiteElo "2060"]
[BlackElo "1845"]
[PlyCount "81"]
[EventDate "1998.??.??"]
[Source "ChessBase"]
[SourceDate "1996.11.15"]

1. e4 c5 2. Nf3 d6 3. d4 cxd4 4. Nxd4 Nf6 5. Nc3 g6 6. Be3 Bg7 7. f3 O-O 8. Qd2
Nc6 9. O-O-O Nxd4 10. Bxd4 Be6 11. Kb1 Qc7 12. h4 h5 13. g4 Rfc8 14. gxh5 Nxh5
15. Bxg7 Kxg7 16. f4 Qc5 17. f5 Ng3 18. Rh3 Nxf1 19. Rxf1 gxf5 20. Qg5+ Kf8 21.
exf5 Bd5 22. Rg3 Ke8 23. Re1 f6 24. Qxf6 Rc7 25. Qh8+ Kd7 26. Qxa8 Rc8 27.
Qxc8+ Kxc8 28. Nxd5 Qxd5 29. Rg5 Qc4 30. h5 Qh4 31. Reg1 Kd7 32. a3 d5 33. Rg7
Kd6 34. R1g6+ Ke5 35. h6 Kxf5 36. h7 e5 37. Rg1 Qh2 38. Rf1+ Ke6 39. Rf8 Qh1+
40. Ka2 Qh4 41. Rc7 1-0

[Event "Plzen, JF C"]
[Site "?"]
[Date "1998.??.??"]
[Round "2"]
[White "Vojir, V jn"]
[Black "Bantle, M."]
[Result "1/2-1/2"]
[WhiteElo "1800"]
[BlackElo "2040"]
[PlyCount "80"]
[EventDate "1998.??.??"]
[Source "ChessBase"]
[SourceDate "1996.11.15"]

1. d4 d5 2. c4 c6 3. Nc3 Nf6 4. Nf3 Nbd7 5. cxd5 cxd5 6. g3 e6 7. Bg2 Bd6 8.
O-O O-O 9. e3 b6 10. Bd2 Bb7 11. Rc1 a6 12. a3 b5 13. Na2 Nb6 14. Ba5 Nfd7 15.
Qb3 Qe7 16. Bb4 Nc4 17. Rc2 Rfc8 18. Rfc1 Ndb6 19. Ne1 Bxb4 20. Nxb4 Qd8 21.
Ned3 Nd7 22. Na2 Rab8 23. Nc3 Ba8 24. Qa2 Nd6 25. Ne2 Rxc2 26. Rxc2 h6 27. b3
a5 28. Nc5 b4 29. a4 Rc8 30. Nxd7 Qxd7 31. Qb1 Rc6 32. Qc1 Qc8 33. Rxc6 Qxc6
34. Qxc6 Bxc6 35. f3 Kf8 36. Kf2 Ke7 37. Ke1 Bb7 38. Kd2 Ba6 39. Nc1 Nb7 40. e4
Kd6 1/2-1/2

[Event "Plzen, JF C"]
[Site "?"]
[Date "1998.??.??"]
[Round "2"]
[White "Hroch, J."]
[Black "Vojir, V sn"]
[Result "1/2-1/2"]
[WhiteElo "2035"]
[BlackElo "1815"]
[PlyCount "68"]
[EventDate "1998.??.??"]
[Source "ChessBase"]
[SourceDate "1996.11.15"]

1. e4 c6 2. d4 d5 3. e5 Bf5 4. Bd3 Bxd3 5. Qxd3 e6 6. Ne2 Ne7 7. Ng3 Nd7 8. b3
g6 9. O-O h6 10. c4 b6 11. Nc3 a6 12. Ba3 Bg7 13. cxd5 cxd5 14. Rac1 b5 15. f4
Bf8 16. Nce2 Rc8 17. Rxc8 Nxc8 18. Bxf8 Rxf8 19. Rc1 Ncb6 20. a4 bxa4 21. bxa4
Nc4 22. Ne4 Qb6 23. Nd2 Nxd2 24. Rc8+ Ke7 25. Qa3+ Nc5 26. Rxc5 Kd7 27. Rc2
Qb1+ 28. Rc1 Qb8 29. Qd3 Nc4 30. Rb1 Qc7 31. Rb4 Rb8 32. Qb1 Kc8 33. Kf2 h5 34.
h3 Rb7 1/2-1/2

[Event "Plzen, JF C"]
[Site "?"]
[Date "1998.??.??"]
[Round "3"]
[White "Piza, V."]
[Black "Mirumian, V."]
[Result "0-1"]
[WhiteElo "2305"]
[BlackElo "2470"]
[PlyCount "78"]
[EventDate "1998.??.??"]
[Source "ChessBase"]
[SourceDate "1996.11.15"]

1. e4 c5 2. Nf3 e6 3. d4 cxd4 4. Nxd4 Nf6 5. Nc3 d6 6. g4 h6 7. h4 Nc6 8. Rg1
d5 9. Bb5 Bd7 10. exd5 Nxd5 11. Nxd5 exd5 12. g5 Bc5 13. Qe2+ Qe7 14. Qxe7+
Kxe7 15. Bxc6 bxc6 16. Be3 hxg5 17. hxg5 Bb6 18. b4 Rac8 19. Kd2 c5 20. bxc5
Rxc5 21. Nb3 Rc4 22. Rae1 Kd6 23. c3 Ra4 24. Nc1 Ba5 25. Kc2 Bf5+ 26. Kb2 Rc8
27. Ne2 Rb8+ 28. Ka1 Bd3 29. Bd2 Kc6 30. Rg3 Bc4 31. Nc1 Bc7 32. Rf3 Bd6 33.
Rxf7 d4 34. Rxg7 Ba3 35. Bf4 Rf8 36. Rg6+ Kb7 37. Rf6 Rxf6 38. gxf6 dxc3 39.
Nb3 Bb2+ 0-1

[Event "Plzen, JF C"]
[Site "?"]
[Date "1998.??.??"]
[Round "3"]
[White "Stets, D."]
[Black "Zimmerman, Y."]
[Result "1-0"]
[WhiteElo "2435"]
[BlackElo "2340"]
[PlyCount "73"]
[EventDate "1998.??.??"]
[Source "ChessBase"]
[SourceDate "1996.11.15"]

1. e4 d6 2. d4 Nf6 3. Nc3 g6 4. f4 Bg7 5. Nf3 c5 6. dxc5 Qa5 7. Bd3 Qxc5 8. Qe2
Bg4 9. Be3 Qa5 10. O-O O-O 11. Qf2 Bxf3 12. Qxf3 Nc6 13. Kh1 Nb4 14. f5 Nd7 15.
Qh3 Ne5 16. a3 Nbxd3 17. cxd3 Rfe8 18. Nd5 e6 19. fxe6 fxe6 20. Nf6+ Bxf6 21.
Rxf6 Nxd3 22. Rxe6 Qc7 23. Bd4 Ne5 24. Bc3 Rad8 25. Rxe8+ Rxe8 26. Qh6 Qc4 27.
Qh4 Rf8 28. h3 Qe2 29. Re1 Rf1+ 30. Rxf1 Qxf1+ 31. Kh2 Qf8 32. Qg5 h6 33. Qe3
b6 34. Qd2 Kh7 35. Kg3 Qe7 36. Qd5 Qc7 37. Kh2 1-0

[Event "Plzen, JF C"]
[Site "?"]
[Date "1998.??.??"]
[Round "3"]
[White "Hercik, J."]
[Black "Kuljabin, V."]
[Result "0-1"]
[WhiteElo "1870"]
[BlackElo "2420"]
[PlyCount "92"]
[EventDate "1998.??.??"]
[Source "ChessBase"]
[SourceDate "1996.11.15"]

1. e4 c5 2. Nc3 Nc6 3. f4 g6 4. Bc4 Bg7 5. Nf3 e6 6. d3 Nge7 7. Qe2 O-O 8. e5
d6 9. O-O dxe5 10. fxe5 Nxe5 11. Nxe5 Qd4+ 12. Kh1 Qxe5 13. Ne4 Nd5 14. Qf2 b6
15. Bxd5 exd5 16. Nf6+ Kh8 17. Qh4 Bxf6 18. Qxf6+ Qxf6 19. Rxf6 Kg7 20. Rd6 d4
21. Bd2 Re8 22. Re1 Bb7 23. Rd7 Bc6 24. Rde7 Rxe7 25. Rxe7 Kf6 26. Re2 g5 27.
Kg1 Bd5 28. Bxg5+ Kxg5 29. Re5+ Kf4 30. Rxd5 Ke3 31. Rf5 Kd2 32. Rf2+ Kc1 33.
b3 Re8 34. g3 Kd1 35. Rxf7 Kxc2 36. Rf3 Re3 37. Rf2+ Kxd3 38. g4 Kc3 39. g5 d3
40. Rf1 Re5 41. h4 d2 42. Kg2 Re1 43. Rf3+ Kd4 44. Rf7 d1=Q 45. Rd7+ Ke5 46.
Rxd1 Rxd1 0-1

[Event "Plzen, JF C"]
[Site "?"]
[Date "1998.??.??"]
[Round "3"]
[White "Kozlov, O."]
[Black "Michalek, J."]
[Result "1/2-1/2"]
[WhiteElo "2410"]
[BlackElo "2300"]
[PlyCount "63"]
[EventDate "1998.??.??"]
[Source "ChessBase"]
[SourceDate "1996.11.15"]

1. Nf3 g6 2. d4 Nf6 3. Bg5 Bg7 4. Nbd2 d5 5. Bxf6 Bxf6 6. e4 c6 7. c3 Bg7 8.
Qb3 dxe4 9. Nxe4 Qd5 10. Nfd2 Qxb3 11. axb3 Nd7 12. b4 O-O 13. b5 e5 14. bxc6
bxc6 15. dxe5 Nxe5 16. Be2 Rd8 17. Nc5 Rb8 18. b4 Nd7 19. Na4 Nb6 20. Nb1 Re8
21. Nxb6 axb6 22. f3 Bf5 23. Kf2 c5 24. Ra2 Re7 25. g4 Bxb1 26. Rxb1 Bxc3 27.
bxc5 Bd4+ 28. Kg3 Bxc5 29. Bc4 Rd8 30. Rbb2 Rd1 31. Re2 Re1 32. Kh3 {remis v
56. tahu} 1/2-1/2

[Event "Plzen, JF C"]
[Site "?"]
[Date "1998.??.??"]
[Round "3"]
[White "Tupy, M."]
[Black "Suran, J."]
[Result "0-1"]
[WhiteElo "2210"]
[BlackElo "2295"]
[PlyCount "60"]
[EventDate "1998.??.??"]
[Source "ChessBase"]
[SourceDate "1996.11.15"]

1. e4 c5 2. Nf3 Nc6 3. d4 cxd4 4. Nxd4 e5 5. Nb5 d6 6. N1c3 a6 7. Na3 b5 8. Nd5
Nge7 9. Bg5 h6 10. Qh5 Be6 11. O-O-O Rb8 12. Be2 Nd4 13. Rhe1 Nxe2+ 14. Rxe2
Qd7 15. h3 Nxd5 16. exd5 Bf5 17. Bh4 Bg6 18. Rxe5+ Be7 19. Rxe7+ Qxe7 20. Qg4
Qe5 21. Bg3 Qg5+ 22. Qxg5 hxg5 23. Bxd6 Rc8 24. b3 Kd7 25. Bb4 Rh4 26. g4 Rxh3
27. c4 bxc4 28. Nxc4 Bd3 29. Kb2 Bxc4 30. bxc4 Rb8 0-1

[Event "Plzen, JF C"]
[Site "?"]
[Date "1998.??.??"]
[Round "3"]
[White "Foglar, S."]
[Black "Papapostoulou, C."]
[Result "0-1"]
[WhiteElo "2065"]
[BlackElo "2180"]
[PlyCount "146"]
[EventDate "1998.??.??"]
[Source "ChessBase"]
[SourceDate "1996.11.15"]

1. e4 Nf6 2. e5 Nd5 3. Nc3 Nxc3 4. dxc3 Nc6 5. Bf4 g6 6. Nf3 Bg7 7. Bd3 d6 8.
exd6 cxd6 9. h3 Qb6 10. Rb1 O-O 11. O-O e5 12. Be3 Qc7 13. Qd2 d5 14. Bb5 Ne7
15. Bh6 a6 16. Bxg7 Kxg7 17. Ba4 b5 18. Bb3 Bb7 19. Rfe1 f6 20. Rbd1 Rad8 21.
Nh2 a5 22. a3 a4 23. Ba2 d4 24. cxd4 Rxd4 25. Qe2 Qc6 26. f3 Rfd8 27. c3 Rxd1
28. Rxd1 Qc5+ 29. Kh1 Nf5 30. Nf1 Rd6 31. Bb1 Rxd1 32. Qxd1 Nd6 33. Ba2 Bc6 34.
Qd2 e4 35. fxe4 Nxe4 36. Qe3 Qd6 37. Bb1 Ng5 38. Bd3 Qd5 39. Qe7+ Nf7 40. Qe2
Ne5 41. Bc2 Qc4 42. Qf2 Qe6 43. Kg1 Qa2 44. Bd1 Qb1 45. Bf3 Bd7 46. Kh2 Qc1 47.
Ne3 Nd3 48. Qe2 Ne5 49. Be4 Be6 50. Bd5 Bd7 51. Be4 h5 52. Qf2 Be6 53. Bd5 Bd7
54. Be4 h4 55. Nd5 Qg5 56. Qf4 Nc4 57. Qxg5 fxg5 58. Ne7 Nxb2 59. Nxg6 Nc4 60.
g3 Be8 61. Ne7 Nxa3 62. gxh4 gxh4 63. Bd3 Nc4 64. Bxc4 bxc4 65. Nd5 a3 66. Nb4
Ba4 67. Kg2 Bb3 68. Kf3 a2 69. Nxa2 Bxa2 70. Kg4 Bb1 71. Kxh4 Kg6 72. Kg4 Bf5+
73. Kg3 Kh5 0-1

[Event "Plzen, JF C"]
[Site "?"]
[Date "1998.??.??"]
[Round "3"]
[White "Krischke, A."]
[Black "Marik, P."]
[Result "1-0"]
[WhiteElo "2165"]
[BlackElo "2060"]
[PlyCount "79"]
[EventDate "1998.??.??"]
[Source "ChessBase"]
[SourceDate "1996.11.15"]

1. c4 Nf6 2. Nf3 g6 3. Nc3 Bg7 4. g3 O-O 5. Bg2 d6 6. O-O c5 7. d4 a6 8. b3
cxd4 9. Nxd4 Qc7 10. Bb2 Nc6 11. Nc2 Bf5 12. Ne3 Be6 13. Qd2 Rfd8 14. Ncd5 Bxd5
15. Nxd5 Nxd5 16. cxd5 Bxb2 17. Qxb2 Ne5 18. Rac1 Qb6 19. Rc2 Rac8 20. Rfc1
Rxc2 21. Qxc2 Ng4 22. e3 Nf6 23. Qc7 Qxc7 24. Rxc7 Rd7 25. Rc8+ Kg7 26. Bh3 e6
27. dxe6 fxe6 28. Bxe6 Re7 29. Bh3 Nd5 30. Bg2 Nb4 31. a3 Nd3 32. Rb8 Rc7 33.
Rxb7 Rxb7 34. Bxb7 a5 35. Ba6 Nc5 36. Bc4 Kf6 37. b4 axb4 38. axb4 Ne4 39. f4
Kf5 40. Bd3 1-0

[Event "Plzen, JF C"]
[Site "?"]
[Date "1998.??.??"]
[Round "3"]
[White "Hajek, J."]
[Black "Spal, M."]
[Result "0-1"]
[WhiteElo "2055"]
[BlackElo "2160"]
[PlyCount "94"]
[EventDate "1998.??.??"]
[Source "ChessBase"]
[SourceDate "1996.11.15"]

1. e4 d5 2. exd5 Qxd5 3. Nc3 Qa5 4. d4 c6 5. Nf3 Nf6 6. Bd2 Bf5 7. Bc4 e6 8.
O-O Bb4 9. Re1 Nbd7 10. a3 Bxc3 11. Bxc3 Qc7 12. Bd3 Bxd3 13. Qxd3 O-O 14. Rad1
Rfe8 15. b3 Rad8 16. Bb2 h6 17. c4 b6 18. Qc2 Qb7 19. Rd2 b5 20. Red1 Rb8 21.
h3 bxc4 22. bxc4 Rec8 23. Ne5 Rc7 24. Nxd7 Nxd7 25. Qe4 Qa6 26. d5 cxd5 27.
cxd5 exd5 28. Qxd5 Qa4 29. Qf5 g6 30. Qf3 Rcb7 31. Qc3 Rxb2 32. Rxd7 Re2 33.
Qf6 Qb3 34. R1d3 Qb1+ 35. Kh2 Rf8 36. Rxf7 Qb8+ 37. f4 Rxf7 38. Rd8+ Qxd8 39.
Qxd8+ Kh7 40. Qd3 Rf2 41. h4 R2xf4 42. g3 Rf2+ 43. Kg1 R2f3 44. Qd6 Rf1+ 45.
Kg2 R7f2+ 46. Kh3 Rh1+ 47. Kg4 h5+ 0-1

[Event "Plzen, JF C"]
[Site "?"]
[Date "1998.??.??"]
[Round "3"]
[White "Steppuhn, T."]
[Black "Nold, M."]
[Result "1-0"]
[WhiteElo "2160"]
[BlackElo "2020"]
[PlyCount "119"]
[EventDate "1998.??.??"]
[Source "ChessBase"]
[SourceDate "1996.11.15"]

1. f4 c5 2. Nf3 Nc6 3. e4 d6 4. g3 g6 5. Bg2 Bg7 6. c3 e5 7. d3 Be6 8. O-O Nge7
9. Ng5 O-O 10. Nxe6 fxe6 11. Bh3 Qd7 12. Be3 Rf6 13. Nd2 Raf8 14. Qe2 Bh6 15.
fxe5 Bxe3+ 16. Qxe3 Rxf1+ 17. Rxf1 Rxf1+ 18. Kxf1 Nxe5 19. d4 Nf7 20. Qf4 cxd4
21. Qf6 Qb5+ 22. Kg1 Qg5 23. Qxd4 Nc6 24. Qf2 Qe5 25. Qf4 Ng5 26. Bf1 Qc5+ 27.
Kg2 Kg7 28. Nc4 Nf7 29. b4 Nxb4 30. cxb4 Qxb4 31. Qf2 b6 32. Qb2+ Qxb2+ 33.
Nxb2 Ne5 34. Nc4 Nxc4 35. Bxc4 Kf6 36. Kf3 Ke5 37. Ke3 g5 38. Bd3 h6 39. Bc4 a5
40. a4 Kf6 41. Kd4 h5 42. h3 Ke7 43. e5 Kd7 44. exd6 Kxd6 45. Be2 h4 46. g4 e5+
47. Ke4 Ke6 48. Bc4+ Kd6 49. Bb3 Kc5 50. Kxe5 b5 51. axb5 Kxb5 52. Kf5 a4 53.
Bf7 Kb4 54. Kxg5 Kc3 55. Kxh4 a3 56. g5 Kb2 57. g6 a2 58. Bxa2 Kxa2 59. g7 Ka1
60. g8=R 1-0

[Event "Plzen, JF C"]
[Site "?"]
[Date "1998.??.??"]
[Round "3"]
[White "Pfriender, H."]
[Black "Eretova, J."]
[Result "1/2-1/2"]
[WhiteElo "2010"]
[BlackElo "2155"]
[PlyCount "48"]
[EventDate "1998.??.??"]
[Source "ChessBase"]
[SourceDate "1996.11.15"]

1. e4 d5 2. exd5 Qxd5 3. Nc3 Qa5 4. d4 Nf6 5. Nf3 Bg4 6. Be2 e6 7. O-O c6 8.
Ne5 Bxe2 9. Qxe2 Nbd7 10. Nxd7 Nxd7 11. Ne4 Be7 12. c3 O-O 13. Re1 Qc7 14. Bg5
Bxg5 15. Nxg5 Nf6 16. Qf3 Rad8 17. Re5 Qb6 18. Qe2 h6 19. Ne4 Nd5 20. g3 Qc7
21. Nc5 b6 22. Nd3 Qd6 23. Re1 a5 24. Nf4 Nf6 1/2-1/2

[Event "Plzen, JF C"]
[Site "?"]
[Date "1998.??.??"]
[Round "3"]
[White "Smid, J."]
[Black "Orsag, M."]
[Result "0-1"]
[WhiteElo "1910"]
[BlackElo "2140"]
[PlyCount "50"]
[EventDate "1998.??.??"]
[Source "ChessBase"]
[SourceDate "1996.11.15"]

1. e4 c5 2. c3 d5 3. exd5 Qxd5 4. d4 Nf6 5. Nf3 Bg4 6. Be2 Nc6 7. Na3 cxd4 8.
Nb5 O-O-O 9. Nbxd4 e5 10. Nxc6 Qxc6 11. Qb3 Bc5 12. O-O Qc7 13. Bg5 e4 14. Nd4
Bxe2 15. Nxe2 Ng4 16. g3 Rd3 17. Bf4 Qe7 18. Qc4 g5 19. b4 gxf4 20. Nxf4 Rd2
21. bxc5 e3 22. Ng6 Qg5 23. Nxh8 exf2+ 24. Kh1 Qf5 25. Qxf7 Qe4+ 0-1

[Event "Plzen, JF C"]
[Site "?"]
[Date "1998.??.??"]
[Round "3"]
[White "Palkova, H."]
[Black "Gruss, H."]
[Result "1/2-1/2"]
[WhiteElo "2045"]
[BlackElo "1860"]
[PlyCount "56"]
[EventDate "1998.??.??"]
[Source "ChessBase"]
[SourceDate "1996.11.15"]

1. d4 Nf6 2. c4 g6 3. Nc3 Bg7 4. e4 d6 5. f3 O-O 6. Be3 e5 7. d5 Nh5 8. Nge2 f5
9. Qd2 a6 10. Nc1 Nd7 11. Nd3 Ndf6 12. Bg5 Qe8 13. Be2 b6 14. Rg1 b5 15. g4
bxc4 16. Nf2 fxg4 17. Nxg4 Nxg4 18. fxg4 Nf4 19. Bxc4 Bf6 20. Bxf6 Rxf6 21.
O-O-O Bd7 22. Qe3 Bb5 23. Nxb5 axb5 24. Bb3 Qb8 25. Kb1 Qa7 26. Qxa7 Rxa7 27.
Rgf1 g5 28. Rd2 Kf7 1/2-1/2

[Event "Plzen, JF C"]
[Site "?"]
[Date "1998.??.??"]
[Round "3"]
[White "Snaidr, J."]
[Black "Vojir, V jn"]
[Result "1/2-1/2"]
[WhiteElo "2100"]
[BlackElo "1800"]
[PlyCount "116"]
[EventDate "1998.??.??"]
[Source "ChessBase"]
[SourceDate "1996.11.15"]

1. d4 f5 2. g3 Nf6 3. Bg2 g6 4. b3 Bg7 5. Bb2 d5 6. Nh3 Nc6 7. Nd2 O-O 8. O-O
e6 9. Nf4 Re8 10. Nd3 Ne4 11. Nf3 b6 12. Nfe5 Bb7 13. e3 a5 14. Rc1 Nxe5 15.
Nxe5 c5 16. f3 Nd6 17. Rf2 c4 18. Bf1 b5 19. a4 Ba6 20. axb5 Bxb5 21. Ba3 Bxe5
22. dxe5 Nf7 23. Qd4 Qc7 24. f4 Qa7 25. Bc5 Qa6 26. bxc4 Bxc4 27. Bxc4 Qxc4 28.
Qxc4 dxc4 29. c3 Rec8 30. Bd4 Rcb8 31. Ra2 Nd8 32. Ra4 Rb2 33. Rca1 Nc6 34.
Rxc4 Ra6 35. Raa4 Kf7 36. Bc5 Ke8 37. e4 h5 38. exf5 gxf5 39. Bf2 Kd7 40. Kg2
Rab6 41. Kf3 R6b3 42. Ra1 Rd2 43. Bc5 Rd3+ 44. Ke2 Rbxc3 45. Rd1 Rxd1 46. Rxc3
Rd5 47. Bd6 Rb5 48. Kd3 Rb2 49. h4 a4 50. Ra3 Rb3+ 51. Rxb3 axb3 52. Kc3 Nd4
53. Ba3 Ne2+ 54. Kxb3 Nxg3 55. Bb4 Kc6 56. Kc4 Ne2 57. Bd2 Ng3 58. Be3 Nf1
1/2-1/2

[Event "Plzen, JF C"]
[Site "?"]
[Date "1998.??.??"]
[Round "3"]
[White "Bantle, M."]
[Black "Tenk, P."]
[Result "1/2-1/2"]
[WhiteElo "2040"]
[BlackElo "1835"]
[PlyCount "90"]
[EventDate "1998.??.??"]
[Source "ChessBase"]
[SourceDate "1996.11.15"]

1. d4 e6 2. c4 f5 3. Nf3 Nf6 4. g3 Be7 5. Bg2 O-O 6. O-O c6 7. b3 d5 8. Qc2 Ne4
9. Bb2 Qe8 10. Ne5 Nd7 11. Nd3 Bg5 12. Ba3 Rf6 13. f4 Bh6 14. Nd2 g5 15. e3 g4
16. Nxe4 dxe4 17. Ne5 Bf8 18. Qb2 Bxa3 19. Qxa3 Qf8 20. Qa5 Nxe5 21. dxe5 Rf7
22. c5 Rd7 23. Rfd1 Rd5 24. Rxd5 exd5 25. Rc1 Qe7 26. a4 Be6 27. Qc3 h5 28. b4
a6 29. Bf1 Qc7 30. Kf2 Kf7 31. h4 Qb8 32. Be2 Bd7 33. Rb1 Ke6 34. Ke1 Qc7 35.
Kd2 Be8 36. Bd1 Bd7 37. Qa3 Be8 38. Kc3 Bd7 39. Kd4 Qd8 40. Be2 b5 41. Ra1 Rb8
42. axb5 axb5 43. Qa5 Qc8 44. Qa6 Qc7 45. Ra5 Bc8 1/2-1/2

[Event "Plzen, JF C"]
[Site "?"]
[Date "1998.??.??"]
[Round "3"]
[White "Janke, G."]
[Black "Hroch, J."]
[Result "1/2-1/2"]
[WhiteElo "2005"]
[BlackElo "2035"]
[PlyCount "27"]
[EventDate "1998.??.??"]
[Source "ChessBase"]
[SourceDate "1996.11.15"]

1. Nf3 d5 2. d4 Nf6 3. Bf4 g6 4. e3 Bg7 5. c4 O-O 6. Nc3 c6 7. a3 Nbd7 8. b4
dxc4 9. Bxc4 Nb6 10. Bd3 Nbd5 11. Nxd5 Nxd5 12. Bg3 Bg4 13. Rc1 Re8 14. O-O
1/2-1/2

[Event "Plzen, JF C"]
[Site "?"]
[Date "1998.??.??"]
[Round "3"]
[White "Vojir, V sn"]
[Black "Kalista, K."]
[Result "0-1"]
[WhiteElo "1815"]
[BlackElo "1910"]
[PlyCount "113"]
[EventDate "1998.??.??"]
[Source "ChessBase"]
[SourceDate "1996.11.15"]

1. d4 Nf6 2. c4 e6 3. Nc3 Bb4 4. Bd2 d5 5. e3 O-O 6. Nf3 Nbd7 7. Bd3 dxc4 8.
Bxc4 b6 9. O-O Bb7 10. Rc1 c5 11. a3 cxd4 12. Nxd4 Bd6 13. f3 Rc8 14. Be2 Qe7
15. Be1 Nd5 16. Qd2 Nxc3 17. Rxc3 Rxc3 18. Qxc3 Rc8 19. Qd2 Ne5 20. Bg3 f6 21.
Rc1 Rd8 22. Qe1 Bc5 23. Bxe5 fxe5 24. Nc2 a5 25. Kh1 Bd5 26. e4 Bb7 27. Bc4 h6
28. h3 Kf7 29. Rd1 Bf2 30. Qe2 Bg3 31. Ne3 g6 32. Nf1 Bf4 33. g3 Bg5 34. h4 Bf6
35. Rd2 Rd4 36. Ne3 Qd6 37. Rd1 Rxd1+ 38. Qxd1 Qd4 39. Qe2 Be7 40. Kg2 Bc5 41.
Kf2 g5 42. hxg5 hxg5 43. g4 Bc6 44. Bd3 Ba4 45. Qd2 Bb5 46. Ke2 Bxd3+ 47. Qxd3
Qxb2+ 48. Nc2 Bxa3 49. Qd7+ Be7 50. Kd2 b5 51. Qc7 a4 52. Qc3 a3 53. Kd3 b4 54.
Qe1 Qb3+ 55. Kd2 Qc3+ 56. Kc1 Qb2+ 57. Kd2 0-1

[Event "Plzen, JF C"]
[Site "?"]
[Date "1998.??.??"]
[Round "3"]
[White "Voehringer, A."]
[Black "Rybak, M."]
[Result "0-1"]
[WhiteElo "2010"]
[BlackElo "2280"]
[PlyCount "79"]
[EventDate "1998.??.??"]
[Source "ChessBase"]
[SourceDate "1996.11.15"]

1. c4 e6 2. d4 d5 3. Nf3 c5 4. cxd5 exd5 5. e3 Nc6 6. Be2 Nf6 7. Nc3 a6 8. O-O
Bd6 9. dxc5 Bxc5 10. a3 O-O 11. b4 Bd6 12. Bb2 Re8 13. Qc2 Qe7 14. Rad1 Be6 15.
Rfe1 Rac8 16. Qb1 Rcd8 17. h3 h6 18. Bd3 Qd7 19. e4 Bxh3 20. Nxd5 Bxg2 21.
Nxf6+ gxf6 22. Kxg2 Qg4+ 23. Kf1 Qxf3 24. Re3 Qh1+ 25. Ke2 Qh5+ 26. Rf3 Ne5 27.
Bxe5 Qxe5 28. Rg1+ Kf8 29. Kf1 Ke7 30. Bc4 Rg8 31. Rxg8 Rxg8 32. Qd1 Rg5 33.
Rd3 Qh2 34. Ke2 Rg4 35. Rf3 Rxe4+ 36. Re3 Rxe3+ 37. Kxe3 Qf4+ 38. Kd3 Be5 39.
Qe2 b5 40. Bd5 0-1

[Event "Plzen, JF C"]
[Site "?"]
[Date "1998.??.??"]
[Round "3"]
[White "Mitzka, F."]
[Black "Straka, Z."]
[Result "1-0"]
[WhiteElo "2035"]
[BlackElo "1915"]
[PlyCount "91"]
[EventDate "1998.??.??"]
[Source "ChessBase"]
[SourceDate "1996.11.15"]

1. e4 e6 2. d4 d5 3. e5 c5 4. c3 Nc6 5. Nf3 Qb6 6. Bd3 cxd4 7. cxd4 Bd7 8. Nc3
Nxd4 9. Nxd4 Qxd4 10. O-O a6 11. Qe2 Ne7 12. Rd1 Nc6 13. Bxa6 Qxe5 14. Bxb7
Qxe2 15. Nxe2 Ra7 16. Bxc6 Bxc6 17. Be3 Ra8 18. Rdc1 Kd7 19. Nd4 Bb7 20. Bf4
Rc8 21. Rxc8 Bxc8 22. Rc1 Bd6 23. Bxd6 Kxd6 24. Nb5+ Ke5 25. Rc7 Ba6 26. Na7
Kf6 27. b4 Rb8 28. a3 Rb7 29. Rxb7 Bxb7 30. b5 Ke7 31. a4 Kd7 32. a5 Kc7 33. f4
Kb8 34. b6 f6 35. Kf2 e5 36. f5 d4 37. Nb5 Be4 38. a6 Bc6 39. Nc7 e4 40. g4 Kc8
41. a7 Bb7 42. a8=Q+ Bxa8 43. Nxa8 Kb7 44. Nc7 Kxb6 45. Ne6 Kb5 46. Nxd4+ 1-0

[Event "Plzen, JF C"]
[Site "?"]
[Date "1998.??.??"]
[Round "3"]
[White "Jenc, M."]
[Black "Tsimafeyevas, S."]
[Result "1-0"]
[WhiteElo "1845"]
[BlackElo "2015"]
[PlyCount "77"]
[EventDate "1998.??.??"]
[Source "ChessBase"]
[SourceDate "1996.11.15"]

1. e4 d5 2. exd5 Nf6 3. d4 Nxd5 4. c4 Nb6 5. Nf3 g6 6. Nc3 Bg7 7. Bf4 O-O 8.
Be2 Bg4 9. O-O Nc6 10. d5 Bxf3 11. Bxf3 Nd4 12. c5 Nc4 13. b3 Na3 14. Rc1 Qd7
15. c6 bxc6 16. dxc6 Qf5 17. Nd5 Rfe8 18. g4 Qc8 19. Nxc7 e5 20. Nxe8 Qxe8 21.
Be3 Nab5 22. Bg2 Rc8 23. a4 Nc7 24. Re1 Nce6 25. Rc4 Qd8 26. b4 f5 27. gxf5
gxf5 28. Qh5 e4 29. b5 Qd5 30. Rcc1 Be5 31. Bxd4 Nxd4 32. Kh1 Kh8 33. Re3 Qe6
34. Rh3 Qe7 35. Rc5 Rc7 36. Rd5 Bf6 37. Qh6 Qf7 38. Rd6 Be7 39. Rxd4 1-0